000 00800nam a2200253Ia 4500
001 21626
005 20260320113259.0
008 260320s9999||||xx |||||||||||||| ||und||
041 _aESP
082 _a659.1
_bD285
100 _aDunn, S. Watson,
_eAUT
245 0 _a Publicidad :
_bsu papel en la mercadotecnia moderna
246 _aAdvertising :
_5Its role in modern marketing
_bEscalona, Eduardo
250 _aPrimera edición
260 _aMéxico D. F. :
_bUteha,
_c1967
300 _a700 páginas :
_bilustraciones, tablas ;
_c23 cm.
_e
440 _a
_n
_v
650 _aTCA
653 _aPublicidad
654 _aCAN
700 _a
_c
856 _uhttps://ebooks7-24-com.ucsp.lookproxy.com/stage.aspx?il=&pg=&ed=
_zVéase además: Base de datos Ebook7-25
942 _cLIB
_dJUS
_fMIP
_2ddc
_n
999 _c21626
_d21626